50 Personnalités francophones #8 - Statistiques

Statistiques générales
  • Ce quiz a été pris 138 fois
  • Le résultat moyen est 18 sur 50
Statistiques - réponses
Par images Réponse % Correct
Jean-Jacques Goldman
95%
Jennifer
85%
Christiane Taubira
73%
Elise Lucet
72%
Fabrice Luchini
59%
Jean-Pascal Zadi
59%
Vald
59%
Kamel Ouali
55%
Jean-Luc Lemoine
54%
Edouard Baer
53%
Yoann Riou
53%
Bérangère Krief
51%
Anthony Kavanagh
50%
Cédric Doumbé
50%
Dorothée
50%
Youssoupha
50%
Clara Morgane
49%
Stéphane Rotenberg
49%
Tomer Sisley
42%
Frédéric Beigbeder
39%
Yann Moix
39%
Bérénice Béjo
37%
François Ruffin
37%
LoÏc Nottet
34%
Marguerite
34%
Denitsa Ikonomova
33%
Fanny Ardant
33%
Karin Viard
32%
Lorànt Deutsch
32%
Alex Goude
31%
Camille Lou
31%
Emma Mackey
30%
Cassandre Beaugrand
29%
Mélina Robert-Michon
26%
Kauli Vaast
25%
Christine Ockrent
23%
Dominique Tapie
20%
Eric Elmosnino
16%
Doria Tillier
14%
Maurice Barthélemy
14%
Philippe Caverivière
14%
Yannick Alléno
12%
Vincent Macaigne
11%
Laurie Cholewa
10%
Victor Belmondo
8%
Eglantine Eméyé
7%
Paul Kircher
4%
Anne Alvaro
3%
Anne Dorval
3%
Cindy Bruna
1%
Aucun quiz correspondant
Distribution des résultats
% des personnes avec chaque résultat
Percentile par nombre de réponses
Votre historique - résultats
Vous n’avez pas pris ce quiz